| 000 | 00894nam a2200241Ia 4500 | ||
|---|---|---|---|
| 003 | OSt | ||
| 005 | 20221005113310.0 | ||
| 006 | a|||||r|||| 00| 0 | ||
| 007 | ta | ||
| 008 | 221004b |||||||| |||| 00| 0 eng d | ||
| 020 |
_a8130200481 (hbk) _c200 |
||
| 024 | _a106139 | ||
| 037 |
_b507, 02/02/2011, H.K. Prakashan _cTextual |
||
| 040 |
_aCRL _cCRL _beng |
||
| 041 |
_2eng _aeng |
||
| 082 | _aO44Q7:g, 153P6 | ||
| 100 | _aਕਰਨੈਲ ਸਿੰਘ ਥਿੰਦ | ||
| 245 | 0 | _aਪਾਕਿਸਤਾਨੀ ਪੰਜਾਬੀ ਸਾਹਿਤ ਦਾ ਸੰਖੇਪ ਜਾਇਗ਼ਾ | |
| 260 |
_aਪਟਿਆਲਾ _bਪੰਜਾਬੀ ਯੂਨੀਵਰਸਿਟੀ ਭਾਰਤ _c2006 |
||
| 300 |
_a266ਪੰ _ccm. |
||
| 942 |
_hO44Q7:g, 153P6 _cTEXL _2cc |
||
| 999 |
_c1027714 _d1027714 |
||